| 000 | 004510000a22001810004500 | ||
|---|---|---|---|
| 003 | MACL | ||
| 005 | 20151230161359.0 | ||
| 008 | 151230b xxu||||| |||| 00| 0 eng d | ||
| 040 |
_aMACL _cMACL |
||
| 041 | _aEnglish | ||
| 082 | _a320/BOW | ||
| 100 |
_aBowles, Chester _925212 |
||
| 245 | _aIdeas, People and Peace | ||
| 260 |
_aLondon _bThe Bodly Head _c1958 |
||
| 350 | _a10.00 | ||
| 650 |
_aPolitical Science _925213 |
||
| 942 |
_cBK _k320/BOW _2ddc |
||
| 999 |
_c39010 _d39010 |
||